000 00554nmm a2200193Ia 4500
008 251105s9999||||xx |||||||||||||||||und||
020 _a9788411780117
041 _aspa
100 _aDiana Holman Hunt
245 0 _aMis abuelas y yo
264 _a[Madrid, España] :
_bAlba Editorial,
_c[Fecha de publicación no identificada]
300 _a0 páginas
490 _aRara avis
650 _aLiterature
700 _aDiana Holman Hunt
700 1 _a de la Rubia, Daniel
856 _uhttps://public.digitaliapublishing.com/a/134851
942 _cCF
999 _c64722
_d64722